000
00262nam a2200109Ia 4500
008
200302s9999 xx 000 0 und d
100
_a
Edwin S. Mills
245
_a
Urban Economics 2nd ed.
260
_b
Scott, Foresman and Co.
260
_c
1980
300
_a
241 P.,
999
_c
5638
_d
5638